| 000 | 00663cam a22002534a 4500 | ||
|---|---|---|---|
| 003 | UPN | ||
| 005 | 20230602063742.0 | ||
| 008 | 090210s2005 mx r 000 f spa d | ||
| 020 | _a9707490195 | ||
| 035 | _aUPN01000169097 | ||
| 040 |
_aUPN _bspa _cUPN |
||
| 049 | _aCG | ||
| 050 | 4 |
_aPQ7298.22 E5 _bA4 2005d |
|
| 100 | 1 |
_aLeñero, Vicente, _d1933- _928947 |
|
| 245 | 1 | 4 | _aLos albañiles. |
| 250 | _aPrimera edición | ||
| 260 |
_aMéxico : _bSeix Barral : _bPlaneta Mexicana, _c2005. |
||
| 300 | _a250 páginas | ||
| 490 | 0 | _aBooket | |
| 650 | 4 |
_aNovela mexicana _94557 |
|
| 902 | _bCarolina Alvarado/190922/M | ||
| 905 | _aLibro | ||
| 942 |
_2lcc _cLIBRO |
||
| 999 |
_c141203 _d141203 |
||